US Cities with the Highest Cuban Immigrant Population - Statistics

General Stats
  • This quiz has been taken 119 times
  • The average score is 8 of 10
Answer Stats
Population State Metro Area % Correct
794,000 Florida Miami
99%
20,000 California Los Angeles
98%
62,000 New York New York City
98%
29,000 Texas Houston
95%
70,000 Florida Tampa
95%
30,000 Florida Orlando
94%
19,000 Nevada Las Vegas
93%
10,000 Kentucky Louisville
81%
24,000 Florida Cape Coral
33%
19,000 Florida Naples
17%
No matching quizzes found
Score Distribution
Percent of People with Each Score
Percentile by Number Answered
Your Score History
You have not taken this quiz